000 00403ntaaa2200169 4500
003 01
005 20251027202209.0
008 0714s1973 ag 01
040 _aAR-BaBN
_bspa
_cAR-BaBN
_eaacr
_dRIC
082 _a267.4400 G96
245 _aManual para la Sociedad Auxiliar de SeƱoritas
250 _a1 ed.
260 _as.l.,
_cs.f.
300 _a37 p
650 _aauxiliar de SeƱoritas
942 _cBK
999 _c16881
_d16881